00828nam a2200241Ia 4500003000400000005001700004008004100021020002200062040000700084041000800091082001500099100005200114245005900166260004700225300001200272365001300284650002000297650002200317906006100339942001200400999001900412952015500431OSt20230515151412.0210423s2009 xx 000 0 und d a978-81-8488-537-8 cAL aeng a332.1 SUDF aSUDHA (V);KALIDAS (K);KUMAR (R Sampath)9104315 aFinancial inclusion aspects issues and the way forward aNew DelhibHimalaya Publishing Housec2009 a285bPB b325cINR aBanking9104316 aEconomics9104317 aaspects ; Financial ; forward ; inclusion ; issues ; way 2ddccBK c166193d166193 001040708ECOaSACPGbSACPGd2014-12-20ePrajwal book distributorsg325.00l3o332.1 SUDFpPG012693r2024-03-11 00:00:00s2024-02-21w2021-04-26yBK